000 00595nam a2200229Ia 4500
003 OSt
005 20220923230506.0
006 a|||||r|||| 00| 0
007 ta
008 Pun
024 _a282,519
037 _cTextual
040 _aARTS
_cARTS
_bPun
041 _2Pun
_aPun
082 _aO153,3NAN1,RD, M2
100 _aਅੰਸਲ, ਕੁਸੁਮ
245 0 _aਰਾਹਾਂ ਦੀ ਭਾਲ
260 _c1982
650 _aਪੰਜਾਬੀ ਸਾਹਿਤ
942 _hO153,3NAN1,RD, M2
_cTEXL
_2CC
999 _c385232
_d385232